Gran hotel /

Comedia de enredos en que Cantinflas es botones en un lujoso hotel, donde es confundido con un noble en bancarrota que quiere pasar desapercibido. Por otra parte, una millonaria en búsqueda de un título nobiliario usa un collar muy valioso para exhibir su riqueza. Unos ladrones roban la pieza, que C...

Whakaahuatanga katoa

I tiakina i:
Ngā taipitopito rārangi puna kōrero
Kaituhi matua: Delgado, Miguel M. (realización)
Ētahi atu kaituhi: Delgado, Miguel M. (guión) (guión), Phillips, Alex (fotógrafo) (fotógrafo), Bustos, Jorge (montaje) (montaje), Esperón, Manuel (música) (música), Cantinflas (actuación) (actuación), Dalya, Jacqueline (actuación) (actuación), Martínez, Josefina (actuación) (actuación)
Hōputu: Reti
Reo:Pāniora
I whakaputaina: México : Posa Films, 1944
Rangatū:(Por Siempre Cantinflas)
Ngā marau:
Ngā Tūtohu: Tāpirihia he Tūtohu
Kāore He Tūtohu, Me noho koe te mea tuatahi ki te tūtohu i tēnei pūkete!

MARC

LEADER 00000ngm^a2200000^a^4500
001 000364881
005 20250521000000.0
009 20260310115628.317
037 |a Acervo ITESO - Biblioteca 
041 |a ESP 
082 |a 860.  |b DEL 
100 |a Delgado, Miguel M.  |e (realización) 
245 1 0 |a Gran hotel /  |c Realización de M.M. Delgado. 
264 1 |a México :  |b Posa Films,  |c 1944 
264 2 |a México :  |b Distrimax [distribución],  |c 2010, c2010 
300 |a 1 DVD regiones 1 y 4  |c (107 min.) 
336 |a imagen móvil bidimensional  |b tdi  |2 rdacontenido 
337 |a video  |b v  |2 rdamedio 
338 |a videodisco  |b vd  |2 rdasoporte 
440 1 |a (Por Siempre Cantinflas) 
520 |a Comedia de enredos en que Cantinflas es botones en un lujoso hotel, donde es confundido con un noble en bancarrota que quiere pasar desapercibido. Por otra parte, una millonaria en búsqueda de un título nobiliario usa un collar muy valioso para exhibir su riqueza. Unos ladrones roban la pieza, que Cantinflas recupera, a pesar de sufrir amnesia debido a un golpe en la cabeza. 
530 |a Existe una edición en formato audiovisual en VHS con el mismo título 
649 |a XX 
650 |a Impostores e Impostura en el Cine 
650 |a Comedias Cinematográficas 
650 |a Cine en Blanco y Negro -  |z México 
650 |a Cine Mexicano -  |y 1940-1949 
650 |a Cine Mexicano -  |y Siglo XX 
650 |a Identidad Personal 
650 |a Avaricia y Ambición 
650 |a Movilidad Social 
650 |a Mentira 
650 |a Robo 
700 |a Delgado, Miguel M.  |e (guión) 
700 |a Phillips, Alex  |e (fotógrafo) 
700 |a Bustos, Jorge  |e (montaje) 
700 |a Esperón, Manuel  |e (música) 
700 |a Cantinflas  |e (actuación) 
700 |a Dalya, Jacqueline  |e (actuación) 
700 |a Martínez, Josefina  |e (actuación) 
910 |a Fondo General 
920 |a Audiovisuales - DVDs 
940 |a Películas 
905 |a 302 
901 |a 0500251332  |b IT2  |c DVS  |i C147957  |u 20250521 
902 |a https://opac.biblio.iteso.mx/vufind/Record/000364881